000 00447nam a2200193Ia 4500
005 20250425162704.0
008 250425s9999 xx 000 0 und d
020 _a0943738075
041 _aeng
082 _a597.05
245 0 _aFRESH SEAFOOD THE COMMERCIAL BUYER'S GUIDE
250 _aS.E
260 _aEstados Unidos
_bOSPREY BOOKS
_c1984
260 _aNEW YORK
300 _a375
650 _aPECES
942 _c01
010 _a96891
999 _c234399
_d234399